000 00270nam a22001097a 4500
020 _a9789945645217
100 1 _aGrullón Estrella, José
_987397
245 1 _aValores para la vida
250 _a2da. Edición.
264 _aSanto Domingo :
_c2023.
300 _a65 página ;
999 _c58681
_d58681